most-watched games on Twitch (all-time) - Statistics

General Stats
  • This quiz has been taken 28 times
  • The average score is 5 of 10
Answer Stats
ranked Answer % Correct
9) Minecraft
89%
2) Fortnite
74%
1) League of Legends
74%
6) Call Of Duty
47%
4) CS:GO
47%
5) Dota 2
42%
8) Valorant
42%
3) GTA5
32%
7) Hearthstone
21%
10) World of Warcraft
16%
No matching quizzes found
Score Distribution
Percent of People with Each Score
Percentile by Number Answered
Your Score History
You have not taken this quiz